000 01570nam1a22003011i 4500
001 rc\3609255
005 20260406171601.0
035 _a(NLR Aleph) 007711354
090 _a6852831
_c6852831
100 _a20130115d1972 |||y0rusy50 ca
101 0 _arus
102 _aRU
105 _ay z |||||
200 1 _aМетодическое пособие по изучению произведений В.И. Ленина в курсе истории КПСС
_eВып. 2-
_fМетод. совет Дома полит. просвещения Вологод. обкома КПСС. Кафедра истории КПСС Вологод. гос. пед. ин-та
210 _aВологда
_cБ. и.
_d1972
215 _d21
300 _aНа обороте тит. л. авт.: кандидаты ист. наук А.Я. Завьялов, Л.И. Пергамент, Т.Б. Сычева, М.П. Широкова
532 1 0 _aМетодическое пособие по изучению произведений Владимира Ильича Ленина в курсе истории КПСС
701 1 _aСычева
_bТ.Б.
701 1 _aШирокова
_bМ.П.
701 1 _aПергамент
_bЛ.И.
701 1 _aЗавьялов
_bА.Я.
702 1 _aЛенин
_bВ.И.
_gВладимир Ильич
_4570
712 0 2 _aВологодский областной дом политического просвещения
_3RU\NLR\AUTH\889939069
_9373019
801 0 _aRU
_bNLR
_gpsbo
801 1 _aRU
_bELAR
_2rusmarc
852 _aNLR
_j72-4/32262
942 _cBOOK